Municipios españoles más poblados que comienzan con G - Estadísticas

Estadísticas generales
  • Esta prueba ha sido intentada 601 veces
  • La puntuación promedio es 8 de 20
Estadísticas de respuestas
Población Municipio Comunidad % Correcto
268.948 Gijón Asturias
97%
232.246 Granada Andalucía
94%
104.038 Girona Cataluña
86%
88.886 Guadalajara Castilla-La Mancha
86%
187.525 Getafe Com. de Madrid
83%
76.297 Getxo País Vasco
69%
77.916 Gandia Com. Valenciana
67%
62.950 Granollers Cataluña
51%
17.012 Gernika-Lumo País Vasco
34%
55.505 Granadilla de Abona Canarias
24%
17.044 Guadarrama Com. de Madrid
22%
18.543 Guadix Andalucía
22%
35.298 Galapagar Com. de Madrid
21%
47.498 Gavà Cataluña
20%
24.728 Gáldar Canarias
18%
29.309 Galdakao País Vasco
16%
21.558 Güímar Canarias
16%
15.099 Gondomar Galicia
9%
22.478 Guía de Isora Canarias
9%
17.284 Guardamar del Segura Com. Valenciana
7%
No se encontraron pruebas coincidentes
Distribución de puntuación
Porcentaje de gente con cada puntuación
Porcentaje por número respondido
Historial de tus puntuaciones
No has intentado esta prueba.